000 00742nam a22002295a 4500
005 20151116152223.0
008 150813r20142011ii a frb 001 0 eng d
020 _a9788123920078
040 _aEG-ScBUE
_beng
_cEG-ScBUE
082 0 4 _222
_a001.6425
_bCHI
100 1 _aChithra, D.
_938762
245 1 0 _aPrinciples of compiler design /
_cD. Chithra.
250 _a1st ed., Reprint ed.
260 _aNew Delhi :
_bCBS Publishers & Distributors Pvt. Ltd.,
_c2014.
300 _aix, 260 p. :
_bill. ;
_c23 cm.
500 _aIndex : p. 259-260.
500 _aThe reprinted of 2011 ed.
504 _aBibliography : p. 257.
650 7 _2BUEsh
_913036
_aCompilers (Computer programs)
653 _bCOMSCI
_cAugust2015
_cNovember2015
942 _2ddc
999 _c20519
_d20491